| 000 | 00423nam a2200157 4500 | ||
|---|---|---|---|
| 001 | 107838 | ||
| 003 | ES-MaACL | ||
| 005 | 20230906184513.0 | ||
| 007 | t| | ||
| 008 | 061121s1967 sp r ||||1| spa d | ||
| 100 | 1 |
_aMoreno Jimeno, Manuel. _983390 |
|
| 245 | 1 | 0 |
_aDelirio de los días / _cManuel Moreno Jimeno. |
| 260 |
_aMadrid : _bInsula, _c1967. |
||
| 300 |
_a64 p. ; _c29 cm. |
||
| 852 |
_aES-MaACL _jC-31467 _bR.61974 |
||
| 999 |
_c107838 _d107838 |
||